Τα Ελληνικά συντάγματα : Επιδαύρου,Αστρους,Τροιζήνος,1844,1864,1911,1927,1952 και 1975.Κείμενα βιβλιογραφία
Saved in:
| Main Author: | |
|---|---|
| Format: | Book |
| Language: | Greek |
| Published: |
Αθήνα :
Νομική βιβλιοθήκη,
1991
|
| Series: | Σύνταγμα και πολιτεία. Σειρά μελετών και κειμένων ;
; 5 |
| Subjects: | |
| Tags: |
Add Tag
No Tags, Be the first to tag this record!
|
MARC
| LEADER | 00000nam a2200000 i 4500 | ||
|---|---|---|---|
| 001 | 1/47064 | ||
| 008 | 960307s1991 gre d | ||
| 035 | |l 10026433 | ||
| 040 | |a GR-MY-UA |b gre |e aacr | ||
| 041 | 0 | |a gre | |
| 082 | 0 | |a 342 | |
| 100 | 1 | |a Κυριαζής-Γουβέλης, Δημήτριος Λ. | |
| 245 | 1 | 3 | |a Τα Ελληνικά συντάγματα : |b Επιδαύρου,Αστρους,Τροιζήνος,1844,1864,1911,1927,1952 και 1975.Κείμενα βιβλιογραφία / |c Δ.Λ.Κυριαζής - Γουβέλης |
| 260 | |a Αθήνα : |b Νομική βιβλιοθήκη, |c 1991 | ||
| 300 | |a 310 σ. | ||
| 490 | 1 | |a Σύνταγμα και πολιτεία σειρά μελετών και κειμένων. Σειρά μελετών και κειμένων |v ; 5 | |
| 500 | |a Περιλαμβάνει κείμενα και βιβλιογραφία | ||
| 500 | |a Το νόημα της Ελληνικής Συνταγματικής Ιστορίας υπό του καθηγητού Δ.Λ.Κυριαζή-Γουβέλη | ||
| 650 | 0 | 0 | |a Constitutional law |z Greece. |
| 830 | 0 | |a Σύνταγμα και πολιτεία. Σειρά μελετών και κειμένων ; |v ; 5 | |
| 852 | |a INST |b CHIOS |e 19960307 |h 342 ΚΥΡ |p 005200002805 |q 005200002805 |t BK |y 0 | ||
| 909 | |a Χ |b 029923 | ||